Deutsche Stadt nach Stadtteil #1 - Statistiken

Allgemein
  • Dieses Quiz wurde 79 mal gespielt
  • Das Durchschnittsergebnis liegt bei 9 aus 15
Antwortstatistiken
Hint Antwort % Korrekt
Schalke Gelsenkirchen
96%
Charlottenburg Berlin
94%
Pasing München
89%
Travemünde Lübeck
83%
Bad Cannstatt Stuttgart
82%
Meiderich Duisburg
68%
Sachsenhausen Frankfurt am Main
65%
Vegesack Bremen
58%
Beuel Bonn
54%
Cotta Dresden
49%
Vahrenwald Hannover
47%
Elberfeld Wuppertal
46%
Göggingen Augsburg
42%
Durlach Karlsruhe
39%
Gliesmarode Braunschweig
35%
Keine übereinstimmenden Quizze gefunden
Verteilung der Resultate
Anzahl Personen mit jedem Resultat
Perzentil nach korrekt beantworteten Fragen
Ihre Resultats-Entwicklung
Sie haben dieses Quiz noch nicht gespielt